LEADER 01113nam1 2200385 450 001 990000405500203316 035 $a0040550 035 $aUSA010040550 035 $a(ALEPH)000040550USA01 035 $a0040550 100 $a20010419d1952----km-y0itay0103----ba 101 $aeng 102 $aUS 105 $a||||||||001yy 200 1 $a<> social religious history of the Jews 8 v.$fSalo Wittmayer Baron 205 $a2 ed.rev. and enlar. 210 $aNew York$cColumbia University Press$d1952 215 $av.$d24 cm 410 $12001 461 1$1001-------$12001 606 $aEbrei$xStoria 676 $a909.04924 700 1$aBARON,$bSalo Wittmayer$0177712 801 0$aIT$bsalbc$gISBD 912 $a990000405500203316 951 $aXIV 202$bLM 959 $aBK 969 $aUMA 979 $aPATTY$b90$c20010419$lUSA01$h1218 979 $aPATTY$b90$c20010419$lUSA01$h1218 979 $aPATTY$b90$c20010419$lUSA01$h1238 979 $c20020403$lUSA01$h1648 979 $aPATRY$b90$c20040406$lUSA01$h1628 996 $aSocial religious history of the Jews 8 v$9874499 997 $aUNISA LEADER 01188cam0-2200409---450 001 990000462870203316 005 20200512105138.0 010 $a88-8358-173-3 035 $a0046287 035 $aUSA010046287 035 $a(ALEPH)000046287USA01 035 $a0046287 100 $a20010522d2001----km-y0itay0103----ba 101 0 $aita 102 $aIT 105 $a||||||||001yy 200 1 $aContro Platone$fKarl R. Popper$gintroduzione di Massimo Baldini 210 $aRoma$cArmando$dcopyr. 2001 215 $a159 p.$d21 cm 225 2 $aPopperiana 410 0$12001$aPopperiana 600 1$aPlatone$2BNCF 676 $a184 700 1$aPOPPER,$bKarl R.$0159114 801 0$aIT$bsalbc$gISBD 912 $a990000462870203316 951 $aII.1.D. 1143(IV A 1510)$b157859 L.M.$cIV A$d00073380 959 $aBK 969 $aUMA 979 $aALESSANDRA$b40$c20010522$lUSA01$h1709 979 $aALESSANDRA$b40$c20010522$lUSA01$h1711 979 $c20020403$lUSA01$h1654 979 $aPATRY$b90$c20040406$lUSA01$h1632 979 $aCOPAT6$b90$c20050530$lUSA01$h1439 979 $aCOPAT6$b90$c20050530$lUSA01$h1439 996 $aContro Platone$9889378 997 $aUNISA